Nenne eine Großstadt, die ... #3 - Statistiken

Allgemein
  • Dieses Quiz wurde 286 mal gespielt
  • Das Durchschnittsergebnis liegt bei 7 aus 10
Antwortstatistiken
Nenne eine Großstadt, ... Antworten % Korrekt
die mit E beginnt. Erfurt | Erlangen | Essen
96%
deren Stadtgrenze Anteil an der Landgrenze ihres Bundeslandes hat. (keine Stadtstaaten) Bonn | Karlsruhe | Kassel | Lübeck | Ludwigshafen | Mainz | Mannheim | Osnabrück | Potsdam | Saarbrücken | Siegen | Ulm | Wiesbaden
89%
die nicht in Deutschland liegt, aber an Deutschland grenzt. Basel | Enschede | Salzburg | Straßburg | Venlo
85%
die 12 oder mehr Buchstaben lang ist. (ohne Zusätze zur Lage der Stadt) Bergisch Gladbach | Braunschweig | Gelsenkirchen | Kaiserslautern | Ludwigshafen | Mönchengladbach | Recklinghausen
85%
deren Anfangsbuchstaben keine andere Großstadt besitzt. Ingolstadt | Jena | Trier | Ulm
72%
die mit dem gleichen Buchstaben beginnt und endet. (ohne Zusätze zur Lage der Stadt) Dortmund | Mannheim | Mülheim
71%
die zu 2023 Einwohner verloren hat. Bergisch Gladbach | Bonn | Bremerhaven | Hamm | Jena | München | Osnabrück | Recklinghausen | Siegen
66%
die an der Leine liegt. Göttingen | Hannover
65%
die 1960 noch unter 65.000 Einwohner hatte. Bergisch Gladbach | Gütersloh | Hanau | Ingolstadt | Moers | Paderborn | Siegen | Wolfsburg
61%
die unter 75 Quadratkilometer groß ist. Fürth | Herne | Moers | Offenbach | Recklinghausen | Remscheid
52%
Keine übereinstimmenden Quizze gefunden
Verteilung der Resultate
Anzahl Personen mit jedem Resultat
Perzentil nach korrekt beantworteten Fragen
Ihre Resultats-Entwicklung
Sie haben dieses Quiz noch nicht gespielt